Desarrollo sostenible: ¿una nueva trampa? /
Guardat en:
| Autor principal: | |
|---|---|
| Format: | Text |
| Matèries: | |
| Etiquetes: |
Afegir etiqueta
Sense etiquetes, Sigues el primer a etiquetar aquest registre!
|
MARC
| LEADER | 00000 a a2200000 04500 | ||
|---|---|---|---|
| 001 | 7487 | ||
| 003 | |||
| 040 | |||
| 100 | |a Herrera, Edgard | ||
| 245 | |a Desarrollo sostenible: |b ¿una nueva trampa? / |c Edgard Herrera | ||
| 650 | |a DESARROLLO SUSTENTABLE | ||
| 650 | |a HABITAT | ||
| 650 | |a POBREZA | ||
| 650 | |a EQUILIBRIO ECOLOGICO | ||
| 650 | |a DESARROLLO ECONOMICO | ||
| 650 | |a DESARROLLO SOCIAL | ||
| 650 | |a MERCADO | ||
| 773 | |g número 9; páginas 22-30 | ||
| 999 | |c 38507 |d 38507 | ||
